Countries with embassies and consulates in Mongolia - Statistics

General Stats
  • This quiz has been taken 67 times
  • The average score is 20 of 24
Answer Stats
Continent Country % Correct
Asia/ Europe Russia
98%
Oceania Australia
97%
Asia Japan
97%
Europe United Kingdom
97%
Asia China
95%
Europe France
95%
Asia India
93%
Asia South Korea
93%
Europe Germany
92%
North America Canada
90%
North America United States of America
90%
Europe Italy
88%
Asia/ Europe Turkey
88%
Asia Kazakhstan
86%
Asia North Korea
85%
Asia Vietnam
80%
Asia United Arab Emirates
68%
North America Cuba
66%
Europe Belarus
64%
Europe Switzerland
63%
Europe Bulgaria
61%
Europe Czech Republic
59%
Europe Hungary
59%
Asia Kuwait
51%
No matching quizzes found
Score Distribution
Percent of People with Each Score
Percentile by Number Answered
Your Score History
You have not taken this quiz